Все команды Медийной Футбольной Лиги - Statistics

General Stats
  • This quiz has been taken 66 times
    19 since last reset
  • The average score is 11 of 51
Answer Stats
Команда Лучшее достижение % Correct
Амкал чемпион (МФЛ-6, Кубок Лиги 2024)
94%
2DROTS чемпион (МФЛ-1, МФЛ-2, Суперкубок 2025)
88%
Broke Boys чемпион (МФЛ-5)
75%
10 чемпион (Кубок Лиги 2025, Суперкубок МФЛ 2025)
56%
LIT ENERGY 3 место (Суперкубок 2025, Кубок Лиги 2025)
50%
Эгриси 3 место (МФЛ-4)
38%
Матч ТВ / Watch TV 1/8 финала (МФЛ-3)
38%
Родина-Медиа чемпион (МФЛ-3, Суперкубок 2024)
31%
Титан чемпион (МФЛ-4)
31%
Рома финал (Кубок Надежды)
31%
На спорте 1/2 финала (МФЛ-1, МФЛ-2)
31%
СКА-Ростов 1/4 финала (Кубок Лиги 2025)
31%
Банка / Альфа-Банка 1/8 финала (МФЛ-6)
31%
Народная команда 1/2 финала (Кубок Надежды)
25%
Чисто Питер 1/8 финала (МФЛ-4, Кубок Лиги 2024)
25%
Basement финал (МФЛ-1)
25%
Bus 1/8 финала (МФЛ-5)
19%
Чертаново-Медиа / Chertanovo групповой этап (МФЛ-6, Кубок Надежды)
19%
Fight Nights 3 место (МФЛ-5)
19%
SD Family 1/4 финала (МФЛ-1)
19%
Тандем чемпион (Кубок Надежды)
13%
СиндЕкат финал (Кубок Лиги 2025)
13%
Бей Беги 4 место (МФЛ-3)
13%
Деньги / Деньги Рокетов 1/2 финала (МФЛ-2)
13%
Дружина 1/8 финала (МФЛ-3)
13%
Уралец Медиа 1/8 финала (МФЛ-4)
13%
Кони 1/8 финала (МФЛ-5)
13%
Альтерон 1/16 финала (Кубок Лиги 2025)
13%
Анжи-Медиа отборочные матчи (Кубок Лиги 2025)
13%
Добрый вечер отборочные матчи (Кубок Лиги 2025)
13%
Апсны отборочные матчи (Кубок Лиги 2025)
13%
ARS отборочные матчи (МФЛ-4, Кубок Лиги 2025)
13%
ART 1/2 финала (МФЛ-1)
13%
GOATS 1/4 финала (МФЛ-2, МФЛ-3)
13%
Kickstown групповой этап (МФЛ-4)
13%
Lotus Music 1/4 финала (МФЛ-6)
13%
Rocket Team 1/8 финала (МФЛ-6, Кубок Лиги 2024)
13%
Starmix групповой этап (МФЛ-1, МФЛ-4)
13%
ВПорядке x Krap Team групповой этап (МФЛ-6)
13%
Наши парни 1/4 финала (МФЛ-2)
6%
Сахалинец 1/4 финала (МФЛ-3)
6%
МФК Рубин групповой этап (МФЛ-2)
6%
Наше дело отборочные матчи (МФЛ-4)
6%
Почти любители отборочные матчи (МФЛ-5)
6%
DMedia 1/4 финала (МФЛ-5)
6%
Nikifilini Otaku отборочные матчи (МФЛ-4)
6%
БАМOVETS отборочные матчи (МФЛ-5)
6%
Reality 1/4 финала (МФЛ-1)
6%
Tamo Junto групповой этап (МФЛ-2)
6%
Unwanted Boys отборочные матчи (Кубок Лиги 2025)
6%
Vibe отборочные матчи (Кубок Лиги 2025)
6%
No matching quizzes found
Score Distribution
Percent of People with Each Score
Percentile by Number Answered
Your Score History
You have not taken this quiz since the last reset